| Tag |
First Indicator |
Second Indicator |
Subfields |
| LEADER |
00000cam a22000007i 4500 |
| 001 |
in00005774064 |
| 005 |
20260327180726.9 |
| 006 |
m o d |
| 007 |
cr cnu---unuuu |
| 008 |
241209s2024 ne o 000 0 eng d |
| 040 |
|
|
|a YDX
|b eng
|e rda
|c YDX
|d OPELS
|d OCLCO
|d YDX
|d UKMGB
|d N$T
|d OCLCL
|
| 015 |
|
|
|a GBC4B4192
|2 bnb
|
| 016 |
7 |
|
|a 300295654
|2 Uk
|
| 020 |
|
|
|a 0443222215
|q electronic book
|
| 020 |
|
|
|a 9780443222214
|q (electronic bk.)
|
| 020 |
|
|
|z 9780443222221
|
| 020 |
|
|
|z 0443222223
|
| 024 |
8 |
|
|a CIPO000135144
|
| 035 |
|
|
|a (OCoLC)1474198488
|
| 050 |
|
4 |
|a RS420
|b .B33 2024
|
| 082 |
0 |
4 |
|a 615.1/9
|2 23/eng/20241210
|
| 049 |
|
|
|a TXAM
|
| 245 |
0 |
0 |
|a Bacterial enzymes as targets for drug discovery :
|b meeting the challenges of antibiotic resistance.
|
| 264 |
|
1 |
|a Amsterdam, Netherlands ;
|a Cambridge, MA :
|b Elsevier,
|c 2024.
|
| 300 |
|
|
|a 1 online resource
|
| 336 |
|
|
|a text
|b txt
|2 rdacontent
|
| 337 |
|
|
|a computer
|b c
|2 rdamedia
|
| 338 |
|
|
|a online resource
|b cr
|2 rdacarrier
|
| 490 |
0 |
|
|a Foundations and frontiers in enzymology
|
| 650 |
|
0 |
|a Enzymes
|x Effect of drugs on.
|
| 650 |
|
0 |
|a Drug development.
|
| 650 |
|
0 |
|a Drugs
|x Design.
|
| 650 |
|
2 |
|a Drug Design
|
| 650 |
|
6 |
|a Médicaments
|x Développement.
|
| 650 |
|
6 |
|a Médicaments
|x Conception.
|
| 655 |
|
7 |
|a Electronic books.
|2 local
|
| 710 |
2 |
|
|a ScienceDirect (Online service)
|
| 776 |
0 |
8 |
|i Print version:
|z 0443222223
|z 9780443222221
|w (OCoLC)1416124138
|
| 856 |
4 |
0 |
|u http://proxy.library.tamu.edu/login?url=https://www.sciencedirect.com/science/book/9780443222221
|z Connect to the full text of this electronic book
|t 0
|
| 955 |
|
|
|a Elsevier ScienceDirect 2026-2027
|
| 994 |
|
|
|a 92
|b TXA
|
| 999 |
f |
f |
|i d7948fa2-de0e-4641-9773-5648f6e8626d
|s 0310a38c-a153-4a4e-bc7a-85dd89017085
|t 0
|
| 952 |
f |
f |
|a Texas A&M University
|b College Station
|c Electronic Resources
|s www_evans
|d Available Online
|t 0
|e RS420 .B33 2024
|h Library of Congress classification
|
| 998 |
f |
f |
|a RS420 .B33 2024
|t 0
|l Available Online
|